| 000 | 00646nam a2200193 a 4500 | ||
|---|---|---|---|
| 003 | 0 | ||
| 005 | 20250415102126.0 | ||
| 008 | 071124s19uu xx 00 eng d | ||
| 050 |
_aPHS LB 1049.5 _b.35 2007 |
||
| 100 | _aLai, Pin Fan. | ||
| 245 |
_aDifferences in study habits of players of online games / _cPin Fan Lai. |
||
| 260 |
_aLas PiƱas City, Philippines : _bSouthville International School and Colleges, _c2007. |
||
| 300 |
_a30 pages ; _c28 cm. |
||
| 504 | _aIncludes bibliographical references. | ||
| 650 | _aStudy skills. | ||
| 650 | _aAcademic achievement. | ||
| 650 |
_aInternet games _xPsychological aspects. |
||
| 942 |
_2lcc _cPASS |
||
| 999 |
_c97844 _d97844 |
||